[Event "26th WSCC 2016 Open 50+"]
[Site "Marianske Lazne, Czech Republic - Hotel Cristal and Continental"]
[Date "2016.11.23"]
[Round "5.70"]
[White "Panos, Jan"]
[Black "Muniraju, Narayanappa"]
[Result "1-0"]
[WhiteElo "1845"]
[BlackElo "1264"]
[PlyCount "97"]
[EventDate "2016.11.19"]

1. d4 Nf6 2. Nf3 e6 3. c4 d6 4. Nc3 g6 5. g3 Bg7 6. Bg2 O-O 7. O-O Nbd7 8. Bg5
c6 9. Qd2 Qb6 10. Rac1 a6 11. Rfd1 Qc7 12. a4 b6 13. d5 exd5 14. cxd5 c5 15. e4
Re8 16. Re1 Bb7 17. Bh6 Qd8 18. Bf4 Qc7 19. Qc2 Rac8 20. h3 Nh5 21. Be3 Re7 22.
Nd2 Bd4 23. g4 Bxe3 24. Rxe3 Nf4 25. Bf1 g5 26. Ne2 Nxe2+ 27. Bxe2 Rce8 28. Nf3
h6 29. h4 Ne5 30. Nxe5 Rxe5 31. hxg5 hxg5 32. Bd3 Qd7 33. f3 Qe7 34. Re2 Qf6
35. Kg2 Kf8 36. Rce1 Qd8 37. Rh1 Ke7 38. Ree1 Kd7 39. Rh7 Qf6 40. Qe2 Ra8 41.
Qd2 Rh8 42. Reh1 Rg8 43. b4 Kc7 44. bxc5 dxc5 45. Qb2 Rg6 46. Rxf7+ Qxf7 47.
Qxe5+ Kc8 48. Rh8+ Rg8 49. Qf5+ 1-0

[Event "26th WSCC 2016 Open 50+"]
[Site "Marianske Lazne, Czech Republic - Hotel Cristal and Continental"]
[Date "2016.11.23"]
[Round "5.71"]
[White "Ruzicka, Tomas"]
[Black "Lavrincik, Pavel"]
[Result "1-0"]
[WhiteElo "1796"]
[BlackElo "1837"]
[PlyCount "57"]
[EventDate "2016.11.19"]

1. e4 d6 2. f4 Nf6 3. d3 c5 4. Be2 Nc6 5. Nf3 Bd7 6. O-O Qb6 7. c4 O-O-O 8. Nc3
e6 9. Ng5 Be8 10. b3 h6 11. Nf3 Be7 12. a3 Nh7 13. Be3 g5 14. b4 gxf4 15. bxc5
Qa5 16. Bd2 Qxc5+ 17. Kh1 Nf6 18. Bxf4 Ng4 19. d4 Qa5 20. Rc1 f5 21. d5 Nce5
22. Nd4 exd5 23. Nxf5 Bf6 24. Bxg4 Nxg4 25. Qxg4 Bxc3 26. Nxd6+ Kb8 27. Nxe8+
Ka8 28. Nc7+ Kb8 29. Rxc3 1-0

[Event "26th WSCC 2016 Open 50+"]
[Site "Marianske Lazne, Czech Republic - Hotel Cristal and Continental"]
[Date "2016.11.23"]
[Round "5.73"]
[White "Tkadlecek, Petr"]
[Black "Randak, Pavel"]
[Result "0-1"]
[WhiteElo "1733"]
[BlackElo "1826"]
[PlyCount "84"]
[EventDate "2016.11.19"]

1. d4 Nf6 2. Nf3 g6 3. Bg5 Bg7 4. e3 c5 5. c3 cxd4 6. exd4 O-O 7. h4 d5 8. Be2
Nbd7 9. Ne5 Nxe5 10. dxe5 Ne4 11. Bf4 Qb6 12. Be3 Qxb2 13. Nd2 Nxc3 14. Qc1
Qxc1+ 15. Rxc1 Nxe2 16. Kxe2 Bxe5 17. h5 b6 18. Bg5 Ba6+ 19. Ke1 f6 20. Bh6
Rfc8 21. Rd1 g5 22. g3 Rc2 23. f4 Bd6 24. Kf2 Bb4 25. Ke1 Rac8 26. fxg5 Rxd2
27. Rxd2 Rc1+ 28. Kf2 Bxd2 29. Rh4 Bxg5 30. Bxg5 fxg5 31. Rd4 Bc4 32. h6 Kf7
33. Rd2 Ra1 34. Ke3 Rxa2 35. Rd1 e5 36. Rh1 Re2+ 37. Kf3 Kg6 38. Ra1 Ra2 39.
Re1 e4+ 40. Kg4 Rf2 41. Ra1 Be2+ 42. Kh3 g4+ 0-1

[Event "26th WSCC 2016 Open 50+"]
[Site "Marianske Lazne, Czech Republic - Hotel Cristal and Continental"]
[Date "2016.11.23"]
[Round "5.74"]
[White "Petersons, Ojars"]
[Black "Schneider, Waldemar"]
[Result "0-1"]
[WhiteElo "1704"]
[BlackElo "1818"]
[PlyCount "74"]
[EventDate "2016.11.19"]

1. d4 d5 2. Nf3 Nf6 3. e3 e6 4. Bd3 c5 5. b3 Nc6 6. Bb2 Bd7 7. Nbd2 Rc8 8. a3
cxd4 9. exd4 Bd6 10. O-O O-O 11. Ne5 Be8 12. f4 Qb6 13. Ndf3 h6 14. Kh1 a5 15.
c4 dxc4 16. Nxc4 Qd8 17. Nxd6 Qxd6 18. Ne5 Nd5 19. Qe1 b6 20. Rd1 Nce7 21. Nc4
Qd8 22. f5 exf5 23. Bxf5 Bd7 24. Bb1 Rc6 25. Ne5 Re6 26. Bf5 Nxf5 27. Rxf5 f6
28. Qg3 fxe5 29. Rxe5 Qf6 30. h3 Qf4 31. Qe1 Rg6 32. Bc1 Qf7 33. Qh4 Bc6 34.
Rde1 Nc3 35. Re7 Bxg2+ 36. Kh2 Qf5 37. Rg1 Qc2 0-1

[Event "26th WSCC 2016 Open 50+"]
[Site "Marianske Lazne, Czech Republic - Hotel Cristal and Continental"]
[Date "2016.11.23"]
[Round "5.76"]
[White "Sand, Rosemarie"]
[Black "Jesensky, Jaromir"]
[Result "1/2-1/2"]
[WhiteElo "1763"]
[BlackElo "1500"]
[PlyCount "38"]
[EventDate "2016.11.19"]

1. d4 d5 2. c4 c6 3. Nf3 Nf6 4. Qc2 e6 5. g3 Nbd7 6. Bg2 Be7 7. Nbd2 O-O 8. O-O
b6 9. b3 Bb7 10. Bb2 Rc8 11. Rfd1 c5 12. e3 cxd4 13. Nxd4 Ba8 14. Rac1 a6 15.
Qb1 dxc4 16. Nxc4 Bxg2 17. Kxg2 b5 18. Nd2 Rc7 19. Nc6 Qa8 1/2-1/2

[Event "26th WSCC 2016 Open 50+"]
[Site "Marianske Lazne, Czech Republic - Hotel Cristal and Continental"]
[Date "2016.11.23"]
[Round "5.79"]
[White "Bastyr, Pavel"]
[Black "Cesar, Geovanny"]
[Result "0-1"]
[WhiteElo "1462"]
[BlackElo "1942"]
[PlyCount "72"]
[EventDate "2016.11.19"]

1. d4 d5 2. c4 c6 3. Nf3 dxc4 4. e4 b5 5. a4 Bb7 6. axb5 cxb5 7. Qc2 a6 8. Be2
e6 9. Bd2 Nf6 10. Ba5 Qd7 11. e5 Nd5 12. O-O Nc6 13. Bd2 Be7 14. Qe4 h6 15. Qg4
g6 16. h4 Bb4 17. Nc3 Nxc3 18. bxc3 Bf8 19. h5 g5 20. Rfb1 Ne7 21. Ne1 Bg7 22.
f4 f5 23. exf6 Bxf6 24. fxg5 Bxg5 25. Bxg5 hxg5 26. Qxg5 O-O-O 27. Qc5+ Kb8 28.
Bf3 Nd5 29. Qa3 Qc7 30. Nc2 Rdf8 31. Nb4 Nxb4 32. Rxb4 Bxf3 33. gxf3 Qg3+ 34.
Kf1 Rxf3+ 35. Ke2 Rf2+ 36. Kd1 Qg1# 0-1

[Event "26th WSCC 2016 Open 50+"]
[Site "Marianske Lazne, Czech Republic - Hotel Cristal and Continental"]
[Date "2016.11.23"]
[Round "5.81"]
[White "Kabyzhanov, Bulat"]
[Black "Svec, Jan"]
[Result "1-0"]
[WhiteElo "2039"]
[BlackElo "1717"]
[PlyCount "75"]
[EventDate "2016.11.19"]

1. c4 e5 2. Nc3 Nf6 3. g3 g6 4. Bg2 Bg7 5. e3 O-O 6. Nge2 Nc6 7. d4 d6 8. h3
Rb8 9. O-O Ne7 10. b3 b6 11. Bb2 Bb7 12. dxe5 Bxg2 13. exf6 Bxf1 14. fxe7 Qxe7
15. Qxf1 Qd7 16. Qg2 a6 17. Rd1 b5 18. cxb5 axb5 19. b4 Qe6 20. Nd4 Qc4 21. Ba1
c5 22. Ndxb5 Rxb5 23. Nxb5 Qxb5 24. Bxg7 Kxg7 25. Rxd6 Qxb4 26. Qd5 c4 27. Qd4+
Kg8 28. Rb6 Qa4 29. a3 Qxa3 30. Qxc4 Qa1+ 31. Kg2 Qa8+ 32. e4 Qd8 33. Rb7 h5
34. h4 Qd1 35. Rc7 Qa1 36. Qd5 Qa6 37. Rc6 Qa3 38. Rxg6+ 1-0

[Event "26th WSCC 2016 Open 50+"]
[Site "Marianske Lazne, Czech Republic - Hotel Cristal and Continental"]
[Date "2016.11.24"]
[Round "6.1"]
[White "Arkell, Keith C"]
[Black "Vlassov, Nikolai"]
[Result "1/2-1/2"]
[WhiteElo "2450"]
[BlackElo "2415"]
[PlyCount "89"]
[EventDate "2016.11.19"]

1. d4 Nf6 2. Nf3 e6 3. c4 Bb4+ 4. Bd2 Qe7 5. g3 Nc6 6. Nc3 Bxc3 7. Bxc3 Ne4 8.
Rc1 O-O 9. Bg2 d6 10. d5 Nxc3 11. Rxc3 Nd8 12. dxe6 Nxe6 13. O-O Bd7 14. Nd4
Nxd4 15. Qxd4 Qxe2 16. Re3 Qg4 17. Qxg4 Bxg4 18. Re7 Rab8 19. Rxc7 Rfc8 20.
Rxc8+ Rxc8 21. b3 b6 22. h3 Be6 23. Rd1 Rd8 24. f4 Kf8 25. Kf2 Ke7 26. g4 g6
27. Ke3 Rc8 28. Bd5 Bxd5 29. Rxd5 Kd7 30. Kf3 Re8 31. Rd1 Kc6 32. g5 h6 33.
gxh6 Rh8 34. Kg4 Rxh6 35. Rd5 Kd7 36. a4 Ke6 37. a5 f5+ 38. Kg3 bxa5 39. Rxa5
Rh7 40. Ra1 Rb7 41. Re1+ Kf6 42. Re3 a5 43. Rd3 Ke6 44. Rc3 Rb8 45. Re3+
1/2-1/2

[Event "26th WSCC 2016 Open 50+"]
[Site "Marianske Lazne, Czech Republic - Hotel Cristal and Continental"]
[Date "2016.11.24"]
[Round "6.2"]
[White "Matamoros Franco, Carlos S"]
[Black "Reprintsev, Alexander"]
[Result "1/2-1/2"]
[WhiteElo "2495"]
[BlackElo "2321"]
[PlyCount "44"]
[EventDate "2016.11.19"]

1. c4 e5 2. g3 Nc6 3. Nc3 d6 4. Bg2 Be6 5. Nf3 Qd7 6. d4 Bh3 7. Bxh3 Qxh3 8.
Qb3 Qd7 9. Be3 Nge7 10. dxe5 Nf5 11. Nd5 O-O-O 12. O-O-O Nxe3 13. Nxe3 Qe6 14.
exd6 Bxd6 15. Rd5 Nb4 16. Ra5 Na6 17. Rd5 c6 18. Rdd1 Bc5 19. Rxd8+ Rxd8 20.
Rd1 Bxe3+ 21. fxe3 Re8 22. Nd4 Nc5 1/2-1/2

[Event "26th WSCC 2016 Open 50+"]
[Site "Marianske Lazne, Czech Republic - Hotel Cristal and Continental"]
[Date "2016.11.24"]
[Round "6.3"]
[White "Konopka, Michal"]
[Black "Ivanov, Alexander"]
[Result "1/2-1/2"]
[WhiteElo "2396"]
[BlackElo "2478"]
[PlyCount "29"]
[EventDate "2016.11.19"]

1. Nf3 g6 2. d4 Bg7 3. g3 c5 4. c3 Qa5 5. Bd2 Nf6 6. Bg2 O-O 7. O-O d6 8. c4
Qb6 9. dxc5 Qxc5 10. Qc1 Nc6 11. b3 Ne4 12. Nc3 Nxd2 13. Qxd2 b5 14. Rac1 bxc4
15. Nd5 1/2-1/2

[Event "26th WSCC 2016 Open 50+"]
[Site "Marianske Lazne, Czech Republic - Hotel Cristal and Continental"]
[Date "2016.11.24"]
[Round "6.4"]
[White "Danielsen, Henrik"]
[Black "Vokac, Marek"]
[Result "1-0"]
[WhiteElo "2477"]
[BlackElo "2391"]
[PlyCount "53"]
[EventDate "2016.11.19"]

1. d4 g6 2. Nf3 Bg7 3. g3 c5 4. d5 d6 5. c4 e5 6. Nc3 Nf6 7. Bg2 O-O 8. O-O Na6
9. Nd2 Nc7 10. a3 Bd7 11. b4 b6 12. Rb1 Rb8 13. Nb3 Qc8 14. Bg5 h6 15. Bxf6
Bxf6 16. Ne4 Ne8 17. bxc5 dxc5 18. Nxf6+ Nxf6 19. Qd2 Qa6 20. Qc3 Ba4 21. f4
exf4 22. Qxf6 Qxc4 23. Rxf4 Qxe2 24. Rxa4 c4 25. Nd4 Qd3 26. Rf1 a5 27. d6 1-0

[Event "26th WSCC 2016 Open 50+"]
[Site "Marianske Lazne, Czech Republic - Hotel Cristal and Continental"]
[Date "2016.11.24"]
[Round "6.5"]
[White "Mohr, Georg"]
[Black "Petran, Peter"]
[Result "1-0"]
[WhiteElo "2461"]
[BlackElo "2302"]
[PlyCount "81"]
[EventDate "2016.11.19"]

1. e4 g6 2. d4 Bg7 3. Nc3 c6 4. h3 d5 5. Nf3 dxe4 6. Nxe4 Nf6 7. Nxf6+ exf6 8.
Be2 Be6 9. O-O O-O 10. Be3 Nd7 11. c4 Nb6 12. Rc1 Re8 13. Qd2 Qd7 14. Rfd1 Red8
15. b3 h5 16. Ne1 Bf5 17. Nd3 Bxd3 18. Qxd3 f5 19. Bg5 Re8 20. Bf3 Nc8 21. c5
Ne7 22. d5 Nxd5 23. Qc4 Rac8 24. Bxd5 cxd5 25. Rxd5 Qe6 26. Rdd1 Bf8 27. Be3
Rc7 28. b4 a6 29. a4 Rec8 30. Bf4 Rc6 31. Qxe6 fxe6 32. a5 Bg7 33. Rd7 e5 34.
Bg5 R6c7 35. Rcd1 Bf8 36. Bd8 Rxd7 37. Rxd7 Bh6 38. Bf6 e4 39. Rxb7 Bd2 40. Kf1
f4 41. Ke2 1-0

[Event "26th WSCC 2016 Open 50+"]
[Site "Marianske Lazne, Czech Republic - Hotel Cristal and Continental"]
[Date "2016.11.24"]
[Round "6.6"]
[White "Bartsch, Berthold"]
[Black "Bruno, Fabio"]
[Result "1/2-1/2"]
[WhiteElo "2279"]
[BlackElo "2435"]
[PlyCount "120"]
[EventDate "2016.11.19"]

1. Nc3 c5 2. e4 e6 3. g3 Nc6 4. Bg2 g6 5. d3 Bg7 6. Be3 d6 7. Qd2 Rb8 8. f4
Nge7 9. Nf3 Nd4 10. O-O O-O 11. Nd1 b6 12. Nh4 f5 13. c3 Ndc6 14. exf5 gxf5 15.
d4 cxd4 16. cxd4 d5 17. Nf3 Qd6 18. Nf2 Ba6 19. Rfc1 Rbc8 20. Nd3 Rc7 21. Bf1
Rfc8 22. Nfe5 Na5 23. b3 Nac6 24. Be2 Qa3 25. Kf1 Bxd3 26. Bxd3 Nb4 27. Rxc7
Rxc7 28. Bb1 Nc8 29. Nd3 Nxd3 30. Bxd3 Nd6 31. Rd1 Ne4 32. Qg2 Nf6 33. h3 h5
34. Kg1 Bf8 35. Kh2 Bd6 36. Qe2 Kf7 37. Re1 Bf8 38. Bd2 Qd6 39. Rc1 Rxc1 40.
Bxc1 Qb4 41. Be3 Qd6 42. Kg2 Bh6 43. h4 Bg7 44. Qc2 Qd7 45. Ba6 Ne4 46. a4 Bf8
47. Bb5 Qd8 48. Qc6 a5 49. Qb7+ Be7 50. Kf3 Qg8 51. Bf2 Qd8 52. Be1 Kf6 53. Bd7
Bd6 54. Bb5 Qc7 55. Qxc7 Bxc7 56. Be8 Kg7 57. Ke3 Bd6 58. Bxh5 Bb4 59. Bxb4
axb4 60. g4 Nf6 1/2-1/2

[Event "26th WSCC 2016 Open 50+"]
[Site "Marianske Lazne, Czech Republic - Hotel Cristal and Continental"]
[Date "2016.11.24"]
[Round "6.7"]
[White "Akesson, Ralf"]
[Black "Chapman, Terry P D"]
[Result "1/2-1/2"]
[WhiteElo "2416"]
[BlackElo "2220"]
[PlyCount "80"]
[EventDate "2016.11.19"]

1. Nf3 Nf6 2. c4 c5 3. Nc3 Nc6 4. d4 cxd4 5. Nxd4 e6 6. a3 Be7 7. e4 O-O 8. Nf3
Qa5 9. Bd2 Qh5 10. Be2 d5 11. exd5 exd5 12. cxd5 Nxd5 13. O-O Nxc3 14. Bxc3 Qg6
15. Re1 Bf6 16. Rc1 Bh3 17. Bf1 Bg4 18. Bd3 Bf5 19. Bxf5 Qxf5 20. Bxf6 Qxf6 21.
Qb3 b6 22. Qc3 Qxc3 23. Rxc3 Rac8 24. Kf1 Rfd8 25. Rec1 Ne7 26. Rc7 Kf8 27.
R1c3 a6 28. g3 Ke8 29. Ke2 Rxc7 30. Rxc7 Rd7 31. Rc4 Rd6 32. a4 h6 33. h4 h5
34. Ng5 f6 35. Ne4 Rc6 36. Rb4 Nf5 37. Nc3 a5 38. Rf4 Rc5 39. Ne4 Re5 40. Kd3
Kd7 1/2-1/2

[Event "26th WSCC 2016 Open 50+"]
[Site "Marianske Lazne, Czech Republic - Hotel Cristal and Continental"]
[Date "2016.11.24"]
[Round "6.8"]
[White "Chudinovskikh, Alexander M"]
[Black "Tunik, Gennady"]
[Result "1/2-1/2"]
[WhiteElo "2219"]
[BlackElo "2404"]
[PlyCount "95"]
[EventDate "2016.11.19"]

1. d4 Nf6 2. Nf3 e6 3. Bg5 c5 4. e3 d5 5. Nbd2 Be7 6. c3 Nbd7 7. Bd3 b6 8. O-O
Bb7 9. Qe2 Ne4 10. Bxe7 Qxe7 11. Ba6 Bxa6 12. Qxa6 Nxd2 13. Nxd2 O-O 14. a4 Nf6
15. Rfe1 Rab8 16. Rad1 Rfc8 17. Qb5 Qb7 18. h3 Qc6 19. Qxc6 Rxc6 20. Ra1 cxd4
21. exd4 Ne8 22. Kf1 Nd6 23. Ke2 f6 24. Kd3 Kf7 25. g4 h5 26. f4 hxg4 27. hxg4
Rh8 28. Rh1 Rcc8 29. Rae1 a6 30. Ra1 Ke7 31. b3 f5 32. gxf5 Nxf5 33. Nf3 Rxh1
34. Rxh1 b5 35. axb5 axb5 36. Ra1 Rh8 37. Ra7+ Kf6 38. Ne5 Rh3+ 39. Kd2 Nd6 40.
Rd7 Ne4+ 41. Kc2 Kf5 42. Rf7+ Nf6 43. Rxg7 Kxf4 44. Rf7 Kg5 45. Rg7+ Kf5 46.
Rf7 Kg5 47. Rg7+ Kf5 48. Rf7 1/2-1/2

[Event "26th WSCC 2016 Open 50+"]
[Site "Marianske Lazne, Czech Republic - Hotel Cristal and Continental"]
[Date "2016.11.24"]
[Round "6.9"]
[White "Sturua, Zurab"]
[Black "Stentebjerg-Hansen, Per"]
[Result "1-0"]
[WhiteElo "2556"]
[BlackElo "2262"]
[PlyCount "99"]
[EventDate "2016.11.19"]

1. Nf3 Nf6 2. g3 d5 3. Bg2 c6 4. d3 g6 5. O-O Bg7 6. Nbd2 O-O 7. e4 Bg4 8. Re1
e6 9. Qe2 Nfd7 10. h3 Bxf3 11. Nxf3 Na6 12. h4 Qa5 13. e5 c5 14. h5 Nb4 15. h6
Bh8 16. c3 Nc6 17. d4 b5 18. Bd2 Qb6 19. Be3 b4 20. Red1 Na5 21. dxc5 Qb7 22.
cxb4 Qxb4 23. Rac1 Nc6 24. Nd4 Ndxe5 25. a3 Qa4 26. b4 a6 27. Rc3 Rac8 28. f4
Nd7 29. Qd2 Nf6 30. Bf3 Rfe8 31. Qc2 Qxc2 32. Rxc2 Nd7 33. Be2 Ndb8 34. Nf3 Rc7
35. Kg2 Rce7 36. Bf2 Rd7 37. g4 Red8 38. Rb1 Rb7 39. Bd3 Rdd7 40. Rcc1 Bf6 41.
Be1 Rdc7 42. a4 Ra7 43. Bf2 Rc8 44. Bf1 a5 45. b5 Nb4 46. c6 Ra8 47. c7 Nd7 48.
b6 Nxb6 49. Bxb6 Na2 50. Bb5 1-0

[Event "26th WSCC 2016 Open 50+"]
[Site "Marianske Lazne, Czech Republic - Hotel Cristal and Continental"]
[Date "2016.11.24"]
[Round "6.10"]
[White "Boulard, Eric"]
[Black "Haba, Petr"]
[Result "0-1"]
[WhiteElo "2245"]
[BlackElo "2472"]
[PlyCount "62"]
[EventDate "2016.11.19"]

1. f4 d5 2. Nf3 Bg4 3. Ne5 Bf5 4. d4 c6 5. Nd2 f6 6. Nef3 Nh6 7. g3 Nd7 8. c4
e5 9. cxd5 cxd5 10. Nb3 Qb6 11. h3 Rc8 12. dxe5 Be4 13. Qd4 Bb4+ 14. Kf2 fxe5
15. Qxb6 axb6 16. fxe5 Nxe5 17. Bf4 Bxf3 18. exf3 Rc2+ 19. Be2 Nd3+ 20. Kf1
Nxf4 21. gxf4 Nf5 22. Rg1 O-O 23. Rg5 Rxb2 24. Rc1 Be7 25. Rxf5 Rxf5 26. Rc7
Bc5 27. Rxb7 Rxa2 28. Rc7 Rf7 29. Rc8+ Rf8 30. Rc7 Be3 31. Rd7 Rb2 0-1

[Event "26th WSCC 2016 Open 50+"]
[Site "Marianske Lazne, Czech Republic - Hotel Cristal and Continental"]
[Date "2016.11.24"]
[Round "6.11"]
[White "Yakimenko, Alexander A"]
[Black "Berezjuk, Sergej"]
[Result "0-1"]
[WhiteElo "2240"]
[BlackElo "2431"]
[PlyCount "96"]
[EventDate "2016.11.19"]

1. d4 Nf6 2. c4 c5 3. d5 b5 4. Nc3 b4 5. Nb1 e6 6. g3 exd5 7. Bg2 a5 8. Nd2 g6
9. Nh3 Ra7 10. cxd5 Bg7 11. Nc4 O-O 12. O-O Ba6 13. Qc2 d6 14. Re1 Bxc4 15.
Qxc4 Nbd7 16. Qc2 Re8 17. Bd2 Nb6 18. e4 Ng4 19. Rad1 Bd4 20. Bg5 Bf6 21. Bc1
a4 22. Bf1 c4 23. f3 b3 24. Qb1 Ne5 25. Kg2 a3 26. bxa3 Na4 27. axb3 Nc3 28.
Qc2 Nxd1 29. Rxd1 cxb3 30. Qxb3 Qb8 31. Bb5 Rc8 32. a4 Rac7 33. Bd2 Rc2 34. Nf2
h5 35. h3 g5 36. Kh1 Ng6 37. Nd3 g4 38. hxg4 hxg4 39. f4 Kg7 40. Nf2 R8c3 41.
Bxc3 Qh8+ 42. Kg1 Rxc3 43. Qb4 Rxg3+ 44. Kf1 Nxf4 45. e5 Bxe5 46. Rd3 Rxd3 47.
Bxd3 g3 48. Qe4 Qh2 0-1

[Event "26th WSCC 2016 Open 50+"]
[Site "Marianske Lazne, Czech Republic - Hotel Cristal and Continental"]
[Date "2016.11.24"]
[Round "6.12"]
[White "Kilicaslan, Hasan"]
[Black "Kalegin, Evgenij"]
[Result "1/2-1/2"]
[WhiteElo "2225"]
[BlackElo "2420"]
[PlyCount "54"]
[EventDate "2016.11.19"]

1. d4 Nf6 2. Nf3 g6 3. Bg5 Bg7 4. Nbd2 O-O 5. c3 d6 6. e4 h6 7. Bh4 Nc6 8. Be2
e5 9. dxe5 Nxe5 10. O-O Nxf3+ 11. Bxf3 Qe7 12. h3 Rb8 13. Re1 b5 14. a3 Bb7 15.
Qb3 a6 16. Qb4 Rfe8 17. Qa5 c5 18. a4 bxa4 19. Qxa4 Qc7 20. e5 Rxe5 21. Rxe5
dxe5 22. Bxf6 Bxf6 23. Bxb7 Qxb7 24. Qxa6 Qxa6 25. Rxa6 Rxb2 26. Rxf6 Rxd2 27.
Rc6 e4 1/2-1/2

[Event "26th WSCC 2016 Open 50+"]
[Site "Marianske Lazne, Czech Republic - Hotel Cristal and Continental"]
[Date "2016.11.24"]
[Round "6.13"]
[White "Yuferev, Oleg"]
[Black "Bagaturov, Giorgi"]
[Result "0-1"]
[WhiteElo "2239"]
[BlackElo "2410"]
[PlyCount "62"]
[EventDate "2016.11.19"]

1. c4 e5 2. g3 Nf6 3. Bg2 d5 4. cxd5 Nxd5 5. Nc3 Nb6 6. Nf3 Nc6 7. O-O Be7 8.
d3 O-O 9. Be3 Bg4 10. Rc1 Re8 11. Ne4 Nd4 12. Bxd4 exd4 13. h3 Bf5 14. Qc2 c6
15. Nc5 Bc8 16. Rfe1 Bf6 17. a3 g6 18. Qd2 Bg7 19. Qb4 Nd5 20. Qc4 Nc7 21. b4
Nb5 22. Qb3 a5 23. a4 Nc3 24. e3 axb4 25. Nxd4 Bxd4 26. exd4 Ne2+ 27. Rxe2 Rxe2
28. Qxb4 Qa5 29. Qc4 Be6 30. d5 Re1+ 31. Kh2 cxd5 0-1

[Event "26th WSCC 2016 Open 50+"]
[Site "Marianske Lazne, Czech Republic - Hotel Cristal and Continental"]
[Date "2016.11.24"]
[Round "6.14"]
[White "Pastircak, Milan"]
[Black "Thuesen, Mogens"]
[Result "1-0"]
[WhiteElo "2362"]
[BlackElo "2207"]
[PlyCount "61"]
[EventDate "2016.11.19"]

1. e4 e6 2. d4 d5 3. Nd2 Nf6 4. e5 Nfd7 5. Bd3 c5 6. c3 b5 7. Bxb5 Qb6 8. Qa4
a6 9. Be2 cxd4 10. cxd4 a5 11. Ngf3 Ba6 12. Qd1 Bxe2 13. Qxe2 Nc6 14. O-O Nxd4
15. Nxd4 Qxd4 16. Nf3 Qb6 17. Bf4 Be7 18. Rac1 O-O 19. Rc2 h6 20. Rfc1 Bc5 21.
Ne1 Rac8 22. Qg4 Qb4 23. Qg3 g5 24. Nd3 Qe4 25. Bd2 Qd4 26. Qe3 Qxe3 27. fxe3
Rb8 28. Nxc5 Nxc5 29. Rxc5 Rxb2 30. R1c2 Rfb8 31. Bxa5 1-0

[Event "26th WSCC 2016 Open 50+"]
[Site "Marianske Lazne, Czech Republic - Hotel Cristal and Continental"]
[Date "2016.11.24"]
[Round "6.15"]
[White "Buchal, Stephan"]
[Black "Habibi, Ali"]
[Result "1/2-1/2"]
[WhiteElo "2339"]
[BlackElo "2225"]
[PlyCount "34"]
[EventDate "2016.11.19"]

1. c4 e5 2. g3 Nc6 3. Nc3 f5 4. Bg2 Nf6 5. e3 g6 6. d3 Bg7 7. Nge2 O-O 8. b3 d6
9. Bb2 Be6 10. Nd5 Rb8 11. Qd2 Ne7 12. Nxf6+ Bxf6 13. d4 c6 14. dxe5 dxe5 15.
O-O-O Qxd2+ 16. Rxd2 Rbe8 17. h4 Nc8 1/2-1/2

[Event "26th WSCC 2016 Open 50+"]
[Site "Marianske Lazne, Czech Republic - Hotel Cristal and Continental"]
[Date "2016.11.24"]
[Round "6.16"]
[White "Malinin, Vasily B"]
[Black "Grigoryan, Karen"]
[Result "1-0"]
[WhiteElo "2220"]
[BlackElo "2332"]
[PlyCount "69"]
[EventDate "2016.11.19"]

1. d4 Nf6 2. c4 e6 3. Nc3 Bb4 4. Bg5 c5 5. d5 Bxc3+ 6. bxc3 h6 7. Bh4 e5 8. e3
d6 9. Qc2 Nbd7 10. Nf3 Qe7 11. Nd2 g5 12. Bg3 Nh5 13. Bd3 Ndf6 14. O-O Bd7 15.
a4 Kf8 16. Rae1 Re8 17. Bf5 Kg7 18. h3 Bxf5 19. Qxf5 Qd7 20. Qxd7 Nxd7 21. Bh2
f5 22. g4 fxg4 23. Ne4 Nhf6 24. Nxd6 Rb8 25. hxg4 Nxg4 26. Bg3 Rhf8 27. f3 Ngf6
28. f4 Nh5 29. Bh2 g4 30. fxe5 g3 31. Nf5+ Rxf5 32. Rxf5 gxh2+ 33. Kxh2 Kg6 34.
e4 Ng7 35. Rg1+ 1-0

[Event "26th WSCC 2016 Open 50+"]
[Site "Marianske Lazne, Czech Republic - Hotel Cristal and Continental"]
[Date "2016.11.24"]
[Round "6.17"]
[White "Barle, Janez"]
[Black "Koehler, Gerhard"]
[Result "1/2-1/2"]
[WhiteElo "2303"]
[BlackElo "2182"]
[PlyCount "87"]
[EventDate "2016.11.19"]

1. e4 e6 2. d4 d5 3. Nc3 Nf6 4. exd5 exd5 5. Bg5 Be7 6. Bd3 Nc6 7. Nge2 Nb4 8.
O-O Nxd3 9. Qxd3 O-O 10. Ng3 c6 11. Rae1 h6 12. Bc1 Bd6 13. h3 Re8 14. Qf3 Bd7
15. Rxe8+ Nxe8 16. Re1 Be6 17. Nh5 Qd7 18. Bf4 Bf5 19. Re2 Bg6 20. Be5 Bf8 21.
Nd1 Be4 22. Qg3 Qf5 23. Qh4 Bxc2 24. Ne3 Qe4 25. Qg3 Bd3 26. Ng4 Qxe2 27. Nxh6+
Kh7 28. Ng4 Bg6 29. Qh4 Qe1+ 30. Kh2 Bxh5 31. Qxh5+ Kg8 32. Qg5 Qe4 33. Nh6+
Kh7 34. Nf5 f6 35. Qh5+ Kg8 36. Qg6 Qxf5 37. Qxf5 fxe5 38. dxe5 Rd8 39. Qe6+
Kh8 40. Qf5 Kg8 41. Qe6+ Kh8 42. Qg4 Kg8 43. Qg5 Rd7 44. Qg4 1/2-1/2

[Event "26th WSCC 2016 Open 50+"]
[Site "Marianske Lazne, Czech Republic - Hotel Cristal and Continental"]
[Date "2016.11.24"]
[Round "6.18"]
[White "Gayson, Peter M"]
[Black "Kutynec, Vladimir"]
[Result "0-1"]
[WhiteElo "2127"]
[BlackElo "2295"]
[PlyCount "80"]
[EventDate "2016.11.19"]

1. e4 e6 2. d4 d5 3. Nd2 Nc6 4. Ngf3 Nf6 5. e5 Nd7 6. c4 Be7 7. cxd5 exd5 8.
Bd3 Nf8 9. h3 Ne6 10. Nb3 a5 11. Be3 Nb4 12. Be2 b6 13. a3 Na6 14. O-O O-O 15.
Rc1 c5 16. Re1 c4 17. Nbd2 b5 18. Nh2 Qb6 19. f4 Nxd4 20. Nxc4 bxc4 21. Bxd4
Bc5 22. Nf3 Bf5 23. Kh1 Rab8 24. Bc3 Be3 25. Bd4 Bxd4 26. Nxd4 Be4 27. Bf3 Nc5
28. Bxe4 dxe4 29. Rxc4 Nd3 30. Qe2 Qg6 31. f5 Qg3 32. Rf1 Rxb2 33. Nc2 Nxe5 34.
Rxe4 f6 35. Qe3 Qxe3 36. Nxe3 Re2 37. Rc1 Rb8 38. Rc3 h5 39. Rd4 Rb1+ 40. Kh2
Nf3+ 0-1

[Event "26th WSCC 2016 Open 50+"]
[Site "Marianske Lazne, Czech Republic - Hotel Cristal and Continental"]
[Date "2016.11.24"]
[Round "6.19"]
[White "Meister, Jakob"]
[Black "Maslak, Alexander"]
[Result "1/2-1/2"]
[WhiteElo "2444"]
[BlackElo "2186"]
[PlyCount "99"]
[EventDate "2016.11.19"]

1. c4 g6 2. Nc3 Bg7 3. h4 h5 4. d4 Nf6 5. e4 d6 6. Bg5 c5 7. d5 O-O 8. Bd3 e5
9. Nge2 a6 10. a4 Qe8 11. a5 Nbd7 12. Na4 Rb8 13. Qb3 Qd8 14. Bd2 Ne8 15. Qa3
Bf6 16. b4 cxb4 17. Bxb4 Bxh4 18. c5 dxc5 19. Nxc5 Be7 20. Nxa6 Bxb4+ 21. Nxb4
Qg5 22. Rh2 Nc5 23. Rc1 Qe7 24. Qc3 Na4 25. Qd2 Bd7 26. f3 Nc5 27. Rb1 Kg7 28.
g4 h4 29. g5 Rh8 30. Kf2 Nd6 31. Rbh1 h3 32. Ng1 Rh5 33. Nxh3 Rbh8 34. Kg2
Bxh3+ 35. Rxh3 Qxg5+ 36. Qxg5 Rxg5+ 37. Kf2 Rxh3 38. Rxh3 Rh5 39. Rxh5 gxh5 40.
Kg3 f6 41. Bf1 Kg6 42. Kh4 Nb3 43. a6 bxa6 44. Nxa6 Nd2 45. Be2 f5 46. Nc5 Kf7
47. f4 exf4 48. e5 f3 49. Ba6 N6e4 50. Nd3 1/2-1/2